Tous les titres et albums d'Angèle - Statistiques

Statistiques générales
  • Ce quiz a été pris 206 fois
  • Le résultat moyen est 38 sur 65
Statistiques - réponses
Album Titre % Correct
Brol Balance ton quoi
87%
Brol La Suite Balance ton quoi
87%
Brol Ta reine
83%
Brol La Suite Ta reine
83%
Brol La Suite Ta reine - Version orchestrale
83%
Brol Tout oublier
82%
Brol La Suite Tout oublier
82%
Brol La loi de Murphy
80%
Brol La Suite La loi de Murphy
80%
Album Brol
77%
Nonante-Cinq Bruxelles je t'aime
77%
Nonante-Cinq La Suite Bruxelles je t'aime
77%
Brol La thune
77%
Brol La Suite La thune
77%
Nonante-Cinq Démons
75%
Nonante-Cinq La Suite Démons
75%
Nonante-Cinq La Suite Démons - live orchestral
75%
Brol La Suite Oui ou non
74%
Brol Je veux tes yeux
73%
Brol La Suite Je veux tes yeux
73%
Brol Jalousie
72%
Brol La Suite Jalousie
72%
Brol Flou
68%
Brol La Suite Flou
68%
Nonante-Cinq Libre
66%
Nonante-Cinq La Suite Libre
66%
Album Nonante-Cinq
65%
Nonante-Cinq Taxi
64%
Nonante-Cinq La Suite Taxi
64%
Album Brol La Suite
60%
Brol Flemme
54%
Brol La Suite Flemme
54%
Brol Les matins
53%
Brol La Suite Les matins
53%
Brol La Suite Que du love
53%
Brol La Suite J'entends
51%
Brol Nombreux
51%
Brol La Suite Nombreux
51%
Album Nonante-Cinq La Suite
51%
Nonante-Cinq La Suite Patrick
50%
Nonante-Cinq Tempête
50%
Nonante-Cinq La Suite Tempête
50%
Nonante-Cinq La Suite Le temps fera les choses
48%
Brol La Suite Perdus
48%
Brol La Suite Insomnies
47%
Nonante-Cinq La Suite Évidemment
46%
Brol La Suite Tu me regardes
46%
Brol Victime des réseaux
46%
Brol La Suite Victime des réseaux
46%
Nonante-Cinq Mauvais rêves
45%
Nonante-Cinq La Suite Mauvais rêves
45%
Nonante-Cinq Plus de sens
45%
Nonante-Cinq La Suite Plus de sens
45%
Nonante-Cinq La Suite Amour, Haine & Danger
44%
Nonante-Cinq On s'habitue
44%
Nonante-Cinq La Suite On s'habitue
44%
Nonante-Cinq Solo
41%
Nonante-Cinq La Suite Solo
41%
Nonante-Cinq Pensées positives
40%
Nonante-Cinq La Suite Pensées positives
40%
Nonante-Cinq Mots justes
36%
Nonante-Cinq La Suite Mots justes
36%
Nonante-Cinq La Suite Promets-moi
30%
Nonante-Cinq Profite
28%
Nonante-Cinq La Suite Profite
28%
Aucun quiz correspondant
Distribution des résultats
% des personnes avec chaque résultat
Percentile par nombre de réponses
Votre historique - résultats
Vous n’avez pas pris ce quiz